Química (Record no. 123540)

MARC details
000 -LEADER
campo de control de longitud fija 00576nam a2200193 4500
001 - NÚMERO DE CONTROL
campo de control 123540
003 - IDENTIFICADOR DE NÚMERO DE CONTROL
campo de control ES-MaACL
005 - FECHA Y HORA DE LA ÚLTIMA TRANSACCIÓN
campo de control 20230906192206.0
007 - CAMPO FIJO DE DESCRIPCIÓN FÍSICA--INFORMACIÓN GENERAL
campo de control de longitud fija t|
008 - DATOS DE LONGITUD FIJA--INFORMACIÓN GENERAL
campo de control de longitud fija 070214s1969 sp r ||||1| spa d
245 00 - MENCIÓN DEL TÍTULO
Título Química
Resto del título : investigación de laboratorio /
Mención de responsabilidad, etc. traducción José Beltrán.
260 ## - PUBLICACIÓN, DISTRIBUCIÓN, ETC.
Lugar de publicación, distribución, etc. Barcelona :
Nombre del editor, distribuidor, etc. Reverté,
Fecha de publicación, distribución, etc. 1969.
300 ## - DESCRIPCIÓN FÍSICA
Extensión 3 v., 6 lám. :
Otras características físicas il. ;
Dimensiones 26 cm.
490 1# - MENCIÓN DE SERIE
Mención de serie Nuffield foundation
700 1# - ENTRADA AGREGADA--NOMBRE PERSONAL
Nombre de persona Beltrán, José.
9 (RLIN) 27340
830 0# - PUNTO DE ACCESO ADICIONAL DE SERIE-TÍTULO UNIFORME
Título uniforme Nuffield foundation
9 (RLIN) 186595
852 ## - LOCALIZACIÓN
Ubicación ES-MaACL
Número de control de estantería P-1516
Sublocalización o colección R.73105
Holdings
Estatus retirado Estado de pérdida Estado de daño No para préstamo Biblioteca de origen Biblioteca actual Ubicación en estantería Fecha de adquisición Fuente de adquisición Total de préstamos Signatura topográfica completa Código de barras Visto por última vez Precio de reemplazo Tipo de ítem Koha
        Biblioteca del Ateneo de Madrid Biblioteca del Ateneo de Madrid Depósito 2 17/01/2008     P-1516 1128716 23/02/2023 23/02/2023 Libro impreso